00000000nam 2200000za 4500
0019.822293
003CaOODSP
00520250116101511
007cr |||||||||||
008160809s2011    onc|||||o    f|0| 0 rus d
040 |aCaOODSP|beng
043 |an-cn---
0861 |aA15-11534/2011Rus-PDF|zA15-11534/2011Ru-PDF
24501|a[Canadian pulses |h[electronic resource] : |bsowing the seeds of healthy food choices].
250 |a[Russian edition].
260 |a[Ottawa : |bAgriculture and Agri-Food Canada, |cc2011].
300 |a2 p. : |bphotographs.
500 |aEnglish title supplied by the publisher.
500 |aIssued also in English under title: Canadian pulses: sowing the seeds of healthy food choices.
500 |a"Draft."
520 |aCanadian pulses—peas, lentils, beans, and chick peas—are reaping the rewards of a solid international reputation, and it’s no wonder. Canada is a world leader in pulse production and in sales—Number 1 when it comes to lentils and peas—and the crop is now exported to 150 countries worldwide. ...
546 |aText in Russian.
69207|2gccst|aAgri-food industry
693 4|aPulses
7101 |aCanada. |bAgriculture and Agri-Food Canada.
77508|tCanadian pulses : |w(CaOODSP)9.695147
792 |t[Les légumineuses à grains du Canada |efre|w(CaOODSP)9.822302
85640|qPDF|s354 KB|uhttps://publications.gc.ca/collections/collection_2016/aac-aafc/A15-11534-2011-rus.pdf